| 000 | 00979nam a2200289 i 4500 | ||
|---|---|---|---|
| 003 | DO-SdBNP | ||
| 005 | 20250130094548.0 | ||
| 007 | ta | ||
| 008 | 100127s 2008 dr 000 spa d | ||
| 020 | _a97899934447064 | ||
| 040 |
_aDO-SdBNP _bspa _cBNPHU _erda |
||
| 082 |
_axx _bV164h |
||
| 100 | 1 |
_aValerio-Holguín, Fernando, _d1956- _916454 _eautor _4aut. |
|
| 245 | 1 | 4 |
_aLos huéspedes del paraíso / _cFernando Valerio-Holguín |
| 250 | _aSegunda edición. | ||
| 264 | 1 |
_aSanto Domingo : _bEditora Universitaria -UASD, _c2008. |
|
| 300 |
_a192 páginas _c23 cm. |
||
| 336 |
_atexto _btxt _2rdacontent |
||
| 337 |
_asin mediación _bn _2rdamedia |
||
| 338 |
_avolumen _bnc _2rdacarrier |
||
| 490 |
_aPublicaciones de la Universidad Autónoma de Santo Domingo ; _v1387 ; |
||
| 490 |
_aLiteratura y Sociedad ; _v86 |
||
| 500 | _aIncluye datos biográficos del autor en la solapa de la cubierta. | ||
| 590 | _aInventariado, 2021/BT | ||
| 910 | _aBtavárez | ||
| 942 |
_2ddc _cLBS1 |
||
| 999 |
_c14500 _d14500 |
||